00612nam a2200193Ia 4500008004100000020001300041082001200054100001900066245003000085250000800115260004100123300002700164500001900191600002100210650005000231942000700281952011500288999001500403240925s9999 xx 000 0 und d a70593744 a004 NOR aNorton,, Peter 0aIntroduction To Computers a6th aNew Delhi:bTata McGraw Hillc,2007. ax,554p.bNAfPhotocopy aIncludes Index aComputer Science aComputer science, information & general works cBK 001040708CSaUITUbUITUd2007-11-07eP.I.A g529.23l0o004 NORpQ7210r2024-09-25 07:14:31w2024-09-25yBK c9709d9709